Associez ces chansons à leurs chanteurs français #2 - Statistiques

Statistiques générales
  • Ce quiz a été pris 1 188 fois
  • Le résultat moyen est 13 sur 20
Statistiques - réponses
Hint Réponse % Correct
Sensualité Axelle Red
89%
Paris-Seychelles Julien Doré
84%
La Corrida Francis Cabrel
80%
Le chanteur Daniel Balavoine
79%
Ne me quitte pas Jacques Brel
79%
Le Sud Nino Ferrer
78%
Les mots bleus Christophe
72%
Ma préférence Julien Clerc
67%
Juste une photo de toi M. Pokora
65%
Chanson pour l’auvergnat Georges Brassens
64%
On était beau Louane
63%
Léa Louise Attaque
63%
Qui de nous deux M
58%
Lola Superbus
56%
Dis, quand reviendras-tu Barbara
54%
La nuit je mens Alain Bashung
53%
À bicyclette Bourvil
50%
Le Déserteur Boris Vian
48%
Le bal des Laze Michel Polnareff
37%
Les Divorcés Michel Delpech
33%
Aucun quiz correspondant
Distribution des résultats
% des personnes avec chaque résultat
Percentile par nombre de réponses
Votre historique - résultats
Vous n’avez pas pris ce quiz